| 000 | 00815nam a2200265 a 4500 | ||
|---|---|---|---|
| 001 | BRCA_2924 | ||
| 005 | 20190320204030.0 | ||
| 008 | 121208s1934----mx-a---###---#000-0#spa-# | ||
| 041 | _aspa | ||
| 044 | _amx | ||
| 050 | 4 |
_aNA5257.M4 _b.I35 1 1934 |
|
| 245 | 1 | 0 | _aIglesias y conventos de la Ciudad de México. |
| 250 | _a2 | ||
| 260 |
_aMéxico _bSEP ; Departamento de Bellas Artes _c1934 |
||
| 300 |
_alxxviii p. _bil., 94 láminas _c18 cm. |
||
| 440 | 0 |
_aMonografías mexicanas de arte _v3 _98138 |
|
| 500 | _aVer también C122 (1920) | ||
| 500 | _aB53 | ||
| 546 | _aTexto en: español, inglés y francés | ||
| 650 | 1 | 4 |
_aIglesias _zMéxico (Ciudad) _98139 |
| 650 | 1 | 4 |
_aArquitectura _zMéxico (Ciudad) _98140 |
| 650 | 1 | 4 |
_aConventos y monasterios _zMéxico (Ciudad) _98141 |
| 902 | _aGFM | ||
| 942 |
_2lcc _cB |
||
| 999 |
_c2663 _d2663 |
||